Introducción a la sociología: conceptos básicos y aplicaciones
Αποθηκεύτηκε σε:
| Κύριος συγγραφέας: | |
|---|---|
| Μορφή: | Βιβλίο |
| Γλώσσα: | Ισπανικά |
| Έκδοση: |
Buenos Aires
Paidos
1964
|
| Σειρά: | Paidos studio, 5
|
| Θέματα: | |
| Ετικέτες: |
Προσθήκη ετικέτας
Δεν υπάρχουν, Καταχωρήστε ετικέτα πρώτοι!
|
MARC
| LEADER | 00000nam a2200000 a 4500 | ||
|---|---|---|---|
| 001 | UCW3838 | ||
| 003 | CL-VaPUC | ||
| 008 | 890417e19640000AG |||||||||||||||||spa|d | ||
| 082 | 0 | 4 | |a 301 |b CHI |2 21 |
| 100 | 0 | |a Chinoy, Ely |e author |9 308239 | |
| 245 | 1 | 0 | |a Introducción a la sociología: conceptos básicos y aplicaciones |
| 300 | |a 116 p | ||
| 942 | |c BK | ||
| 945 | |d 19890417 00:00:00 | ||
| 260 | |a Buenos Aires |b Paidos |c 1964 | ||
| 650 | 0 | |a Sociología |9 255410 | |
| 583 | |a last modification |c 19890417 00:00:00 |k Rodrigo Vera | ||
| 490 | 0 | |a Paidos studio, 5 | |
| 999 | |c 217720 |d 217718 | ||
| 952 | |0 0 |1 0 |4 0 |6 301_000000000000000_CHI_1964 |7 0 |8 P |9 205835 |a BIBEDU |b BIBEDU |c BIBEDU_PB |d 2019-11-15 |i 2737787 |o 301 CHI 1964 |p 2737787 |r 2024-01-25 |w 2019-11-15 |y BK |k EDU | ||
| 952 | |0 0 |1 0 |4 0 |6 301_000000000000000_CHI_1964 |7 0 |8 P |9 205836 |a BIBEDU |b BIBEDU |c BIBEDU_PB |d 2019-11-15 |i 2737795 |o 301 CHI 1964 |p 2737795 |r 2024-01-25 |w 2019-11-15 |y BK |k EDU | ||
| 952 | |0 0 |1 0 |4 0 |6 301_000000000000000_CHI_1964 |7 0 |8 P |9 205837 |a BIBEDU |b BIBEDU |c BIBEDU_PB |d 2019-11-15 |i 2737809 |o 301 CHI 1964 |p 2737809 |r 2024-01-25 |w 2019-11-15 |y BK |k EDU | ||
| 952 | |0 0 |1 0 |4 0 |6 301_000000000000000_CHI_1964 |7 0 |8 P |9 205838 |a BIBEDU |b BIBEDU |c BIBEDU_PB |d 2019-11-15 |i 2737817 |o 301 CHI 1964 |p 2737817 |r 2024-01-25 |w 2019-11-15 |y BK |k EDU | ||
| 952 | |0 0 |1 0 |4 0 |6 301_000000000000000_CHI_1964 |7 0 |8 P |9 205839 |a BIBEDU |b BIBEDU |c BIBEDU_PB |d 2019-11-15 |i 2737825 |o 301 CHI 1964 |p 2737825 |r 2024-01-25 |w 2019-11-15 |y BK |k EDU | ||